000 00627nam a2200229 i 4500
001 84441
003 ES-MaACL
005 20250516063028.0
007 t|
008 041122s1979 sp ||||1| spa d
020 _a84-321-2000-6
080 _a821.134.2-14"19"
100 1 _aJanés, Clara
_966012
245 1 0 _aAntología personal
_b: (1959-1979) /
_cClará Janés.
250 _a1ª ed.
260 _aMadrid :
_bRialp,
_c1979.
300 _a119 p. ;
_c18 cm.
490 1 _aAdonáis ;
_v367-368
830 1 0 _aAdonáis
_v367-368
_9173743
852 _aES-MaACL
_jJ-23-367-368
999 _c84441
_d84441